Recent Advances in Nanotechnology : Select Proceedings of ICNOC 2022 /

保存先:
書誌詳細
第一著者: Khan, Zishan Husain (edición)
その他の著者: Jackson, Mark (edición) (edición), Salah, Numan A. (edición) (edición)
フォーマット: 図書
言語:英語
出版事項: Singapur : Springer, 2023, c2023
シリーズ:(Springer Proceedings in Materials ; 28)
主題:
オンライン・アクセス:Ver documento en línea
タグ: タグ追加
タグなし, このレコードへの初めてのタグを付けませんか!

MARC

LEADER 00000nam^a2200000^a^4500
001 000630801
005 20260427000000.0
009 20260526154557.589
020 |a 978-981-99-4685-3 
037 |a Acervo ITESO - Biblioteca 
041 |a ING 
082 |a 620. 5  |b KHA 
100 |a Khan, Zishan Husain  |e (edición) 
245 1 0 |a Recent Advances in Nanotechnology :  |b Select Proceedings of ICNOC 2022 /  |c Ed. Z.H. Khan, M. Jackson, N.A. Salah. 
264 4 |a Singapur :  |b Springer,  |c 2023, c2023 
264 2 |a Cham, Suiza :  |b Springer Link [distribución],  |c 2026, c2026 
300 |a 1 libro electrónico en línea (XIX, 609 p.) 
300 |a 1 recurso en línea 
336 |a datos para computadora  |b cod  |2 rdacontenido 
337 |a computadora  |b c  |2 rdamedio 
338 |a recurso en línea  |b cr  |2 rdasoporte 
440 1 |a (Springer Proceedings in Materials ;  |v 28) 
506 0 |a Licencias ilimitadas 
521 |a 2025 BO Licenciatura en Ingeniería en Nanotecnología 
649 |a XX 
650 |a Materiales Nanoestructurados -  |x Tema Principal 
650 |a Nanotecnología -  |x Tema Principal 
650 |a Tecnología 
650 |a Ingeniería 
700 |a Jackson, Mark  |e (edición) 
700 |a Salah, Numan A.  |e (edición) 
856 4 0 |u https://link-springer-com.ezproxy.iteso.mx/10.1007/978-981-99-4685-3  |y Ver documento en línea 
910 |a Fondo General 
920 |a Electrónicos - Libros en Línea 
930 |a Plataforma Digital 
905 |a 205 
901 |a 630801-1  |b IT2  |c EBO  |i C  |u 20260427 
902 |a https://opac.biblio.iteso.mx/vufind/Record/000630801